Optimización de procedimientos para calibración con radiómetro/fotómetro

Wedi'i Gadw mewn:
Manylion Llyfryddiaeth
Prif Awdur: Detilly, Isabelle
Fformat: Llyfr
Cyhoeddwyd: [San José, Costa Rica] 2009
Pynciau:
Tagiau: Ychwanegu Tag
Dim Tagiau, Byddwch y cyntaf i dagio'r cofnod hwn!

MARC

LEADER 00000nam a2200000Ia 4500
003 001449
005 20221231144045.0
008 140114s2009 cr a 000 ||s d
040 |c cru CEDI  
090 |a TFG 5968 
100 |a Detilly, Isabelle  |9 3559 
245 |a  Optimización de procedimientos para calibración con radiómetro/fotómetro 
260 |c 2009  |b [San José, Costa Rica] 
300 |a x, 43 hojas; ilustraciones 
500 |a Proyecto de graduación (bachillerato en ingeniería eléctrica)--Universidad de Costa Rica. Facultad de Ingeniería. Escuela de Ingeniería Eléctrica 
648 |x ESPECTROMETRIA  |x ESPECTROMETRIA  |x DISPOSITIVOS OPTICOS   |x CALIBRACION  |x  LASERS   |9 3560 
650 |z CALIBRACION  |9 3561 
942 |c TFG 
999 |c 16260  |d 16260